Catalog

Record Details

Catalog Search



Available copies

  • 6 of 7 copies available at LARL/NWRL Consortium.
  • 2 of 2 copies available at Lake Agassiz Regional Library. (Show preferred library)

Current holds

0 current holds with 7 total copies.

Show Only Available Copies
Location Call Number / Copy Notes Barcode Shelving Location Status Due Date
Crookston Public Library E C (Text) 33500012172474 Main Available -
Moorhead Public Library E C (Text) 33500012172466 Main Available -
Godel Memorial-Warren Library e CAR (Text) 35500005701097 Main Available -
Greenbush Public Library e CAR (Text) 35500005701220 Main Available -
Hallock Public Library e CAR (Text) 35500005701071 Main Available -
Karlstad LINK Site e CAR (Text) 35500005701212 Main Checked out 05/27/2026
Roseau Public Library e CAR (Text) 35500005701089 Main Available -

Record details

  • ISBN: 9780399176876 (hardback)
  • ISBN: 039917687X (hardback)
  • Physical Description: pages cm
  • Publisher: New York, NY : Philomel Books, an imprint of Penguin Group (USA), [2015]

Content descriptions

Summary, etc.:
"Ducks growing out of bananas? A mouse catching a ... Read More
Subject: Stories in rhyme.
Surrealism > Fiction.
Imagination > Fiction.
Humorous stories.
LDR 02570cam a22004698i 4500
001189026
003LARL_NWRL_CONSORTIUM
00520150831094040.0
008150410s2015 nyu j 000 1 eng
010 . ‡a2015006416
020 . ‡a9780399176876 (hardback)
020 . ‡a039917687X (hardback)
035 . ‡a(OCoLC)900179751
040 . ‡aDLC ‡beng ‡erda ‡cDLC ‡dYDXCP ‡dBDX ‡dBTCTA
042 . ‡alcac ‡apcc
05000. ‡aPZ7.C21476 ‡bNo 2015
08200. ‡a[E] ‡223
1001 . ‡aCarle, Eric, ‡eauthor, ‡eillustrator. ‡0(LARL_NWRL_CONSORTIUM)3951
24514. ‡aThe Nonsense show / ‡cEric Carle.
264 1. ‡aNew York, NY : ‡bPhilomel Books, an imprint of Penguin Group (USA), ‡c[2015]
300 . ‡apages cm
336 . ‡atext ‡2rdacontent
336 . ‡astill image ‡2rdacontent
337 . ‡aunmediated ‡2rdamedia
338 . ‡avolume ‡2rdacarrier
520 . ‡a"Ducks growing out of bananas? A mouse catching a cat? What's wrong with this book? Yes, there's something strange, something funny and even downright preposterous on every page of this book. But it's not a mistake--it's nonsense! And it's also surrealism"-- ‡cProvided by publisher.
650 1. ‡aStories in rhyme. ‡0(LARL_NWRL_CONSORTIUM)162453
650 1. ‡aSurrealism ‡vFiction.
650 1. ‡aImagination ‡vFiction.
650 1. ‡aHumorous stories. ‡0(LARL_NWRL_CONSORTIUM)22555
901 . ‡a189026 ‡bOCLC ‡c189026 ‡tbiblio

Additional Resources